000 00745nam a2200217Ia 4500
005 20220209140724.0
008 210716s2012 xx 000 0 und d
020 _a9788131754160
040 _cAIMIT LIBRARY
041 _aeng
082 _a658.4006
_26
_bJONG
100 _aJones, Gareth R.
_918570
245 _aOrganizational theory design and change /
_cBy Gareth R. Jones and Mary Mathew.
250 _a6th ed.
260 _aNew Delhi :
_bPearson Education ,
_c2012.
300 _aXxiv, 543p. ;
_c28 cm.
650 _aOrganizational design and strategy in a changing global environment
_918571
650 _aInnovation intrapreneurship and creativity
_918572
700 _aNathew, Mary.
_918573
942 _2ddc
_cBK
_e6th
_k658.4006 JONG
999 _c198197
_d198197